Online
Catalog

Christopher Columbus : (Record no. 33213)

MARC details
000 -CABECERA
campo de control de longitud fija 00476nam a2200145 a 4500
001 - NÚMERO DE CONTROL
campo de control 000033722
005 - FECHA Y HORA DE LA ÚLTIMA TRANSACCIÓN
campo de control 20200930070453.0
008 - DATOS DE LONGITUD FIJA--INFORMACIÓN GENERAL
campo de control de longitud fija 110907s1892 xxuc 000 0 eng d
040 ## - FUENTE DE LA CATALOGACIÓN
Centro catalogador/agencia de origen DO-SdBNP
Lengua de catalogación spa
Centro/agencia transcriptor BNPHU
082 ## - NÚMERO DE LA CLASIFICACIÓN DECIMAL DEWEY
Número de clasificación xxxx
Número de documento/Ítem A211c
100 1# - ENTRADA PRINCIPAL--NOMBRE DE PERSONA
Nombre de persona Adams, Charles Kendall,
Fechas asociadas al nombre 1835-1902
9 (RLIN) 59166
245 10 - MENCIÓN DE TÍTULO
Título Christopher Columbus :
Resto del título his life and his work /
Mención de responsabilidad, etc. Charles Kendall Adams.
260 ## - PUBLICACIÓN, DISTRIBUCIÓN, ETC.
Lugar de publicación, distribución, etc. New York :
Nombre del editor, distribuidor, etc. Dodd, Mead and Company,
Fecha de publicación, distribución, etc. 1892.
300 ## - DESCRIPCIÓN FÍSICA
Extensión xv., 261 p. :
Otras características físicas retr. ;
Dimensiones 19 cm.
Holdings
Estado de retiro Estado de pérdida Restricciones de uso No para préstamo Código de colección Localización permanente Ubicación/localización actual Ubicación en estantería Fecha de adquisición Número de inventario Total de préstamos Signatura topográfica completa Código de barras Fecha visto por última vez Precio válido a partir de Tipo de ítem Koha
        Monografías: Libros y Folletos Patrimonio Dominicano Patrimonio Dominicano Orden iniciada 07.09.2011 LF1   xxxx A211c 33722-10 25.06.2020 25.06.2020 No se presta

Powered by Koha